01916cam a2200277 a 450000100090000000300040000900500170001300800410003001000170007102000390008802000360012704000170016304200080018005000150018810000210020324501230022425000130034726000540036030000360041450400660045050509490051665000390146570000230150470000270152785600840155417060079OSt20230622113245.0111128s2013 cauk b 001 0 eng  a 2011944304 a9781111835583 (hbk. : student ed.) a1111835586 (hbk. : student ed.) aDLCcLCdDLC apcc00aKF9619.F471 aFerdico, John N.10aCriminal procedure for the criminal justice professional /cJohn N. Ferdico, Henry F. Fradella, Christopher D. Totten. a11th ed. aBelmont, CA :bWadsworth Cengage Learning,c2013. axxii, 650 p. :bforms ;c27 cm. aIncludes bibliographical references (p. 622-627) and indexes. aContents: Framework fr the study of criminal procedure: Individual rights under the United States constitution -- Criminal courts, pretrial processes, and the exclusionary rule - Basic underlying concepts: privacy, probable cause, and reasonableness -- Search warrants, arrest, stops, and frisks: Criminal investigatory search warrants -- Searches for electronically stored information and electronic surveillance -- Administrative and special needs searches -- Arrests, searches incident to arrest, and protective sweeps -- Stops and frisks -- Exceptions to the search warrant requirement: Consent searches -- The plain view doctrine -- Search and seizure of vehicles and containers -- Open fields and abandoned property -- Interrogations, identifications, trials and post-conviction remedies: Interrogations, admissions, and confessions -- Pretrial visual identification procedures -- Criminal trials, appeals, and postconviction remedies --  0aCriminal procedurezUnited States.1 aFradella, Henry F.1 aTotten, Christopher D.413Table of contents onlyuhttp://www.loc.gov/catdir/toc/fy13pdf01/2011944304.html